书目信息 |
| 题名: |
影响世界篮球的100巨星
|
|
| 作者: | 杂货铺 编著 | |
| 分册: | ||
| 出版信息: | 武汉 武汉出版社 2009.04 |
|
| 页数: | 209页 | |
| 开本: | 23cm | |
| 丛书名: | ||
| 单 册: | ||
| 中图分类: | K815.47 | |
| 科图分类: | ||
| 主题词: | 篮球运动--lan qiu yun dong--运动员--列传--世界 | |
| 电子资源: | ||
| ISBN: | 978-7-5430-4129-5 | |
| 000 | 00920nam0 2200241 450 | |
| 001 | 012010082536 | |
| 005 | 20101117141211.06 | |
| 010 | @a978-7-5430-4129-5@dCNY23.80 | |
| 100 | @a20101117d2009 em y0chiy0120 ea | |
| 101 | 0 | @achi |
| 102 | @aCN@b420000 | |
| 105 | @aac z 000yy | |
| 106 | @ar | |
| 200 | 1 | @a影响世界篮球的100巨星@Aying xiang shi jie lan qiu de 100 ju xing@f杂货铺编著@Fza huo pu bian zhu |
| 210 | @a武汉@c武汉出版社@d2009.04 | |
| 215 | @a209页@c图, 肖像@d23cm | |
| 330 | @a本书从现代篮球历史上数以千计的著名球星、著名教练、NBA联盟开拓者、国际篮联官员中遴选出100位巨星,择其篮球生涯中的主要事迹奉献给读者,附以数百幅珍贵史诗照片,帮助读者重睹NBA巨星的风采。 | |
| 333 | @a本书适用于篮球运动爱好者参阅 | |
| 606 | 0 | @a篮球运动@Alan qiu yun dong@x运动员@x列传@y世界 |
| 690 | @aK815.47@v4 | |
| 701 | 0 | @a杂货铺@Aza huo pu@4编著 |
| 801 | 0 | @aCN@bQSSK@c20101117 |
| 905 | @b788376-78@dK815.47@eZ001@f3 | |
| 影响世界篮球的100巨星/杂货铺编著.-武汉:武汉出版社,2009.04 |
| 209页:图, 肖像;23cm |
| 使用对象:本书适用于篮球运动爱好者参阅 |
| ISBN 978-7-5430-4129-5:CNY23.80 |
| 本书从现代篮球历史上数以千计的著名球星、著名教练、NBA联盟开拓者、国际篮联官员中遴选出100位巨星,择其篮球生涯中的主要事迹奉献给读者,附以数百幅珍贵史诗照片,帮助读者重睹NBA巨星的风采。 |
| ● |
| 相关链接 |
|
|
|
正题名:影响世界篮球的100巨星
索取号:K815.47/Z001
 
预约/预借
| 序号 | 登录号 | 条形码 | 馆藏地/架位号 | 状态 | 备注 |
| 1 | 788376 | 207883762 | 社科库309/309社科库 43排3列3层/ [索取号:K815.47/Z001] | 在馆 | |
| 2 | 788377 | 207883771 | 社科库309/309社科库 43排3列3层/ [索取号:K815.47/Z001] | 在馆 | |
| 3 | 788378 | 207883780 | 社科库309/309社科库 43排3列3层/ [索取号:K815.47/Z001] | 在馆 |